000 00563nam a2200181Ia 4500
005 20250508150655.0
008 008 250505s9999 xx 000 0 eng d
037 _aTextual
040 _aFEDL
_beng
_cFEDL
041 _aeng
_2eng
084 _a420.7, KIT
_qFEDL
100 _aKittson E Creagh
_9756285
245 0 _aTheory and practice of language teaching: With special reference to French and German
260 _aLondon, UK
_bOxford University Press
_c1926
300 _axiv,186p
942 _cTEXL
_h420.7, KIT
999 _c1324970
_d1324970